| 000 | 00000nas 2200000za 4500 |
| 001 | 9.505024 |
| 003 | CaOODSP |
| 005 | 20221107133446 |
| 007 | cr ||||||||||| |
| 008 | 150406d19962007oncqr pso||||f0 a0eng|d |
| 040 | |aCaOODSP|beng |
| 043 | |an-cn--- |
| 086 | 1 |aF12-6E-PDF |
| 245 | 10|aGovernment of Canada securities |h[electronic resource]. |
| 260 | |a[Ottawa] : |bFinance Canada, |c[1996-2007]. |
| 310 | |aQuarterly |
| 500 | |aThree or four times a year; Quarterly since 2004. |
| 500 | |aIssued also in French under title: Titres du gouvernement du Canada. |
| 520 | 3 |aThis quarterly newsletter describes the federal government’s debt program and recent developments in fixed-income markets and the economy. Data are presented in graphs and tables and include selected Canadian economic statistics. |
| 690 | 07|aDebt|2gcpds |
| 690 | 07|aEconomic statistics|2gcpds |
| 690 | 07|aMarkets|2gcpds |
| 710 | 1 |aCanada. |bDepartment of Finance. |
| 775 | 08|tTitres du gouvernement du Canada |w(CaOODSP)9.501424 |
| 776 | 0#|tGovernment of Canada securities |w(CaOODSP)9.514243 |